000 01215cam a22003497a 4500
003 CHAP
005 20220329142124.0
008 990818d1999 mx r 00110 spa d
010 _a78769
011 _a79741
035 _a90136
040 _cCHAP
090 _aTesis
100 0 0 _aCamacho Villa, Tania Carolina.
_917716
245 1 0 _aConservación de los recursos fitogenéticos :
_bun acercamiento
_c/por Tania Carolina Camacho Villa
260 _aChapingo, Méx. :
_bEl autor,
_c1999.
300 _a173 h.
502 _aTesis (Ing. Agr. Esp. en Fitotecnia) -- UACH. Departamento de Fitotecnia
590 _aALEPH
_b10
_c20130110
_lUCH01
_h1430
590 _aBATCH-UPD
_b10
_c20130110
_lUCH01
_h1951
590 _aBATCH-UPD
_b10
_c20130410
_lUCH01
_h1312
590 _aBATCH-UPD
_b10
_c20130914
_lUCH01
_h0824
590 _aCONVERSION
_b10
_c20130109
_lUCH01
_h1344
650 1 4 _aGermoplasma.
_947766
650 1 4 _aRecursos genéticos
_xConservación.
_995081
901 _aBK
905 _aLilia Sánchez G.
942 _cFOLL
949 _bBC
_cTES
_d33724000716304
_eTS2
_fc.2
_h34218
_i90136
_si
949 _bBC
_cTES
_d33724000764130
_eTS2
_fc.3
_h35994
_i90136
_si
949 _bBC
_cTES
_d901361
_eTS1
_h34217
_i90136
_sb
999 _c78769
_d78769